[Event "Mondiale Lampo FIDE 2019"]
[Site "Mosca"]
[Date "30.12.2019"]
[Round "17.74"]
[White "Baron, Tal"]
[Black "Gasanov, Eldar"]
[Result "1-0"]
[WhiteTitle "GM"]
[BlackTitle "GM"]
[WhiteElo "2541"]
[BlackElo "2481"]
[WhiteFideId "2809958"]
[BlackFideId "14104466"]
[EventDate "2019.12.29"]

1. Nf3 c5 2. e4 Nc6 3. d4 cxd4 4. Nxd4 g6 5. c4 Nf6 6. Nc3 Bg7 7. Be3 O-O 8. Be2
d6 9. O-O Bd7 10. f3 Nxd4 11. Bxd4 a5 12. a3 a4 13. c5 Bc6 14. cxd6 exd6 15. Qd2
Qa5 16. Rad1 Rfe8 17. Kh1 Rad8 18. Bxf6 Bxf6 19. Nd5 1-0

[Event "Mondiale Lampo FIDE 2019"]
[Site "Mosca"]
[Date "30.12.2019"]
[Round "17.75"]
[White "Geller, Jakov"]
[Black "Yanchenko, Roman"]
[Result "0-1"]
[WhiteTitle "GM"]
[BlackTitle "FM"]
[WhiteElo "2521"]
[BlackElo "2463"]
[WhiteFideId "4151984"]
[BlackFideId "4137329"]
[EventDate "2019.12.29"]

1. e4 e6 2. d4 d5 3. Nc3 Bb4 4. e5 Ne7 5. a3 Bxc3+ 6. bxc3 b6 7. Qg4 Kf8 8. a4
Ba6 9. Bxa6 Nxa6 10. h4 h5 11. Qe2 Nb8 12. Nh3 c5 13. Nf4 g6 14. Nd3 cxd4 15.
cxd4 Qc7 16. Kf1 Nf5 17. Bb2 Nc6 18. c3 Na5 19. Rh3 Rc8 20. Ne1 Qc4 21. Ba3+ Kg7
22. Bc1 Nb3 23. Rb1 Qxe2+ 24. Kxe2 Nxc1+ 25. Rxc1 Nxd4+ 26. Kd3 Nf5 27. Ra1 Rc4
28. Kd2 Nxh4 29. a5 b5 30. a6 Nf5 31. Ra5 Rb8 32. Nc2 Rb6 33. Rh1 d4 34. cxd4
Nxd4 35. Nxd4 Rxd4+ 36. Kc3 Rc4+ 37. Kd3 Rc5 38. f4 Rcc6 39. Rb1 b4 40. Rb3 h4
41. Ke4 Rc4+ 42. Kf3 g5 43. fxg5 Kg6 44. Kf2 Kxg5 45. Kg1 Rc3 46. Rxc3 bxc3 47.
Rc5 Rxa6 48. Rxc3 Ra5 49. Rc7 Kg6 50. Kf2 Ra4 51. Kf3 Ra2 52. Rb7 a5 53. Ra7 a4
54. Ra8 Kf5 55. Ra7 Ra3+ 56. Kf2 Kg6 57. Kg1 Ra2 58. Kh2 Ra1 59. Kh3 Kg5 60. Kh2
a3 61. Rxf7 a2 62. Ra7 Kf4 63. Ra5 Kf5 64. g3 hxg3+ 65. Kg2 Ke4 66. Ra8 Kxe5 67.
Ra6 Kf5 68. Ra5+ e5 69. Ra8 e4 70. Ra5+ Ke6 71. Ra8 Kd5 72. Ra5+ Kc6 73. Ra4 e3
74. Rc4+ Kb5 75. Rc2 Rg1+ 76. Kxg1 a1=Q+ 77. Kg2 Qe5 78. Re2 Kc4 79. Kf3 Kd3 80.
Re1 e2 0-1

[Event "Mondiale Lampo FIDE 2019"]
[Site "Mosca"]
[Date "30.12.2019"]
[Round "17.76"]
[White "Atabayev, Maksat"]
[Black "Carlsson, Pontus"]
[Result "1-0"]
[WhiteTitle "GM"]
[BlackTitle "GM"]
[WhiteElo "2475"]
[BlackElo "2456"]
[WhiteFideId "14001101"]
[BlackFideId "1705814"]
[EventDate "2019.12.29"]

1. Nf3 Nf6 2. b3 e6 3. Bb2 b6 4. e3 Bb7 5. Be2 Be7 6. O-O O-O 7. c4 c5 8. Nc3 d6
9. Qc2 Nbd7 10. Rad1 a6 11. d4 Qc7 12. Qb1 Rfe8 13. a4 cxd4 14. Nxd4 Rac8 15.
Rc1 Qb8 16. f3 Bf8 17. Rfd1 d5 18. cxd5 exd5 19. Qd3 Bd6 20. h3 Nc5 21. Qd2 Bh2+
22. Kh1 Be5 23. Na2 Nh5 24. b4 Ng3+ 25. Kg1 Bxd4 26. Bxd4 Nb3 27. Rxc8 Qxc8 28.
Qe1 Nxd4 29. Rxd4 Rxe3 30. Qxg3 Rxe2 31. Qd6 Rxa2 32. Qxb6 g6 33. h4 Rxa4 34. h5
Kg7 35. h6+ Kxh6 36. Qf6 Qc1+ 37. Kh2 Qg5 38. Rh4+ Qxh4+ 39. Qxh4+ Kg7 40. Qd4+
Kg8 41. Qb6 Bc8 42. Qd8+ Kg7 43. Qxc8 Kf6 44. Qc6+ 1-0

[Event "Mondiale Lampo FIDE 2019"]
[Site "Mosca"]
[Date "30.12.2019"]
[Round "17.77"]
[White "Sek, Konstantin"]
[Black "Yilmaz, Mustafa"]
[Result "1/2-1/2"]
[BlackTitle "GM"]
[WhiteElo "2446"]
[BlackElo "2604"]
[WhiteFideId "24104302"]
[BlackFideId "6302718"]
[EventDate "2019.12.29"]

1. e4 e5 2. Bc4 Nf6 3. d3 c6 4. Nf3 d5 5. Bb3 a5 6. a3 a4 7. Ba2 Bd6 8. O-O dxe4
9. Ng5 O-O 10. Nxe4 Nxe4 11. dxe4 Qe7 12. Nd2 Nd7 13. Nc4 Bc7 14. Ne3 Nc5 15.
Qf3 Be6 16. Nf5 Bxf5 17. Qxf5 Ne6 18. c3 g6 19. Qg4 Nf4 20. Be3 Rfd8 21. Rad1
Kg7 22. g3 h5 23. Qf3 Ne6 24. h4 b5 25. Kg2 Bd6 26. Rd2 Bc5 27. Bxe6 Rxd2 28.
Bxd2 Qxe6 29. Rd1 Bb6 30. Bg5 Bc5 31. Qd3 Be7 32. Bxe7 Qxe7 33. Qd6 Qxd6 34.
Rxd6 Rc8 35. f4 exf4 36. gxf4 Kf8 37. Kf3 Ke7 38. e5 Rd8 39. Rxd8 Kxd8 40. f5
Ke7 41. Kf4 c5 42. Ke4 gxf5+ 43. Kxf5 c4 44. Kg5 Ke6 45. Kxh5 Kf5 46. Kh6 Kxe5
47. Kg5 f6+ 48. Kg4 Ke4 49. h5 f5+ 50. Kg3 Ke3 51. h6 f4+ 52. Kg4 f3 53. h7 f2
54. h8=Q f1=Q 55. Qe5+ Kd2 56. Qxb5 Kc2 57. Qxa4+ Kxb2 58. Qb4+ Kc2 59. a4 Qe2+
60. Kf4 Qd2+ 61. Ke4 Qd3+ 62. Ke5 Qxc3+ 63. Qxc3+ Kxc3 64. a5 Kd2 65. a6 c3 66.
a7 c2 1/2-1/2

[Event "Mondiale Lampo FIDE 2019"]
[Site "Mosca"]
[Date "30.12.2019"]
[Round "17.78"]
[White "Kovalev, Vladislav"]
[Black "Pogosyan, Stefan"]
[Result "1/2-1/2"]
[WhiteTitle "GM"]
[BlackTitle "IM"]
[WhiteElo "2662"]
[BlackElo "2459"]
[WhiteFideId "13504398"]
[BlackFideId "34159867"]
[EventDate "2019.12.29"]

1. e4 e5 2. Nf3 Nc6 3. Bb5 a6 4. Ba4 Nf6 5. O-O b5 6. Bb3 Bc5 7. d3 d6 8. c3 h6
9. Nbd2 O-O 10. h3 Be6 11. Re1 Re8 12. Bc2 d5 13. b4 Bb6 14. a4 d4 15. Bb2 dxc3
16. Bxc3 Qd6 17. Qb1 Bd4 18. Bxd4 Nxd4 19. Nxd4 Qxd4 20. Nf3 Qc3 21. Re3 a5 22.
d4 Qxb4 23. d5 Bd7 24. Rb3 Qd6 25. axb5 Nh5 26. Nd2 Nf4 27. Qd1 a4 28. Re3 Bxb5
29. Bxa4 Qb4 30. Rb3 Bxa4 31. Rxb4 Bxd1 32. Rxd1 Ra2 33. Nc4 f6 34. Rb7 Ne2+ 35.
Kf1 Nc3 36. Re1 Rc8 37. Rb3 Na4 38. Rb4 Nb6 39. Ne3 Rca8 40. Rbb1 Rd2 41. Rbd1
Raa2 42. Rxd2 Rxd2 43. Rc1 Na8 44. Ra1 Nb6 45. Ra7 Rd4 46. f3 Rd3 47. Ke2 Rc3
48. Kd2 Rc5 49. Ra2 Kf7 50. Rc2 Rxc2+ 51. Kxc2 g6 52. Kc3 h5 53. Kb4 Ke7 54. h4
Kd6 55. Kb5 Nc8 56. Nc4+ Kd7 57. Kc5 Ne7 58. Na5 Nc8 59. Nc6 Nd6 60. Nb8+ Kc8
61. Na6 Kd7 62. Kb4 f5 63. Nc5+ Ke7 64. Kc3 fxe4 65. fxe4 Kf6 66. Kd3 Ke7 67.
Ne6 c6 68. Ng5 cxd5 69. exd5 Nf5 70. Ke4 Nxh4 71. Kxe5 Nxg2 72. d6+ Kd7 73. Ne6
Ne3 74. Nc5+ Kc6 75. d7 Kc7 76. Ke6 Nf5 77. Ne4 Nd4+ 78. Ke7 Nc6+ 79. Ke8 h4 80.
Nf2 g5 81. Ng4 Kd6 82. Kf7 h3 83. Kf6 Kxd7 84. Kxg5 Ke6 85. Kh4 Ne5 86. Kxh3
Nxg4 87. Kxg4 1/2-1/2

[Event "Mondiale Lampo FIDE 2019"]
[Site "Mosca"]
[Date "30.12.2019"]
[Round "17.79"]
[White "Batchuluun, Tsegmed"]
[Black "Sutovsky, Emil"]
[Result "1/2-1/2"]
[WhiteTitle "GM"]
[BlackTitle "GM"]
[WhiteElo "2530"]
[BlackElo "2643"]
[WhiteFideId "4900847"]
[BlackFideId "2802007"]
[EventDate "2019.12.29"]

1. d4 Nf6 2. c4 g6 3. Nc3 d5 4. Bf4 Bg7 5. e3 O-O 6. cxd5 Nxd5 7. Nxd5 Qxd5 8.
Bxc7 Na6 9. Bxa6 Qxg2 10. Qf3 Qxf3 11. Nxf3 bxa6 12. Rc1 f6 13. b3 Rf7 14. Rg1
Bd7 15. Ba5 e5 16. d5 e4 17. Nd2 f5 18. Ke2 Bb5+ 19. Nc4 f4 20. a4 Bd7 21. Bc3
fxe3 22. fxe3 Raf8 23. Bxg7 Rf2+ 24. Kd1 Kxg7 25. Rc2 Rxc2 26. Kxc2 Rf2+ 27. Kc3
Rxh2 28. Kd4 h5 29. Kxe4 h4 30. d6 h3 31. Ne5 Bf5+ 32. Kf3 Rd2 33. e4 h2 34. Rh1
Be6 35. Ke3 Rxd6 36. Rxh2 Bxb3 37. a5 g5 38. Rb2 Be6 39. Rb7+ Kf6 40. Nd3 Rc6
41. Rxa7 Rc3 42. Rxa6 Ra3 43. Kd4 Ra4+ 44. Ke3 Ra3 45. Kd4 Ra4+ 46. Ke3 Ra3 47.
Kd2 Ke7 48. Nc5 Bc4 49. Rg6 Rxa5 50. Rxg5 Kf6 51. Rf5+ Kg6 52. Ke3 Bf7 53. Kf4
Rb5 54. Rg5+ Kh6 55. Re5 Kg6 56. Rf5 Rb1 57. Nd3 Rf1+ 58. Ke5 Rxf5+ 59. exf5+
Kg7 60. f6+ Kg6 61. Nf4+ Kg5 62. Ne6+ Kg6 63. Nf8+ Kg5 64. Ne6+ Kg6 65. Nd8 Bc4
66. Ne6 Ba2 67. Nf4+ Kg5 68. Ne6+ Kg6 1/2-1/2

[Event "Mondiale Lampo FIDE 2019"]
[Site "Mosca"]
[Date "30.12.2019"]
[Round "17.80"]
[White "Narayanan, Srinath"]
[Black "Bocharov, Dmitry"]
[Result "1-0"]
[WhiteTitle "GM"]
[BlackTitle "GM"]
[WhiteElo "2529"]
[BlackElo "2524"]
[WhiteFideId "5018420"]
[BlackFideId "4138716"]
[EventDate "2019.12.29"]

1. e4 c5 2. Nf3 d6 3. d4 cxd4 4. Nxd4 Nf6 5. Nc3 a6 6. h3 e5 7. Nb3 Be6 8. f4 b5
9. Qf3 Nc6 10. f5 Bxb3 11. axb3 Nd4 12. Qd3 d5 13. Nxd5 Nxd5 14. exd5 Bc5 15. b4
Bb6 16. Be3 O-O 17. Qe4 Nxc2+ 18. Qxc2 Bxe3 19. Qe4 Qg5 20. g4 Qh4+ 21. Kd1 Bf4
22. Qf3 Rac8 23. Bd3 Rfd8 24. Re1 Qf6 25. Re2 Qd6 26. Rc2 Qxb4 27. Qe4 Qb3 28.
Ra3 Rxc2 29. Rxb3 Rd2+ 30. Ke1 Rh2 31. Rc3 Rxb2 1-0

[Event "Mondiale Lampo FIDE 2019"]
[Site "Mosca"]
[Date "30.12.2019"]
[Round "17.81"]
[White "Guseinov, Gadir"]
[Black "Kryakvin, Dmitry"]
[Result "0-1"]
[WhiteTitle "GM"]
[BlackTitle "GM"]
[WhiteElo "2666"]
[BlackElo "2596"]
[WhiteFideId "13401378"]
[BlackFideId "4153278"]
[EventDate "2019.12.29"]

1. e4 c5 2. Nc3 Nc6 3. Bb5 Nd4 4. Nf3 e6 5. O-O a6 6. Bd3 Ne7 7. Nxd4 cxd4 8.
Ne2 Nc6 9. c3 Bc5 10. b4 Ba7 11. a4 dxc3 12. dxc3 O-O 13. b5 Ne5 14. Bc2 d6 15.
h3 axb5 16. Kh1 Bc5 17. Rb1 bxa4 18. Bxa4 Bd7 19. Bc2 Bc6 20. Nd4 Ng6 21. f4 Qh4
22. Be3 Bxd4 23. Qxd4 e5 24. Qxd6 exf4 25. Bb6 Ra2 26. Bf2 Qh6 27. Bb3 Re2 28.
Bd5 f3 29. gxf3 Qxh3+ 30. Qh2 Qxf3+ 31. Qg2 Qxg2+ 32. Kxg2 Rxe4 33. Bxe4 Bxe4+
34. Kg3 Bxb1 35. Rxb1 Rc8 36. Bd4 Rc7 37. Kf3 f6 38. Ke4 Rd7 39. Rh1 Nf8 40. Kf5
Kf7 41. Rh2 h6 42. Re2 Ne6 43. Bb6 Nc7 44. c4 Na6 45. c5 Nb4 46. Rb2 Rd4 47. Rg2
Nc6 48. Rg1 Ne7# 0-1

[Event "Mondiale Lampo FIDE 2019"]
[Site "Mosca"]
[Date "30.12.2019"]
[Round "17.82"]
[White "Rozum, Ivan"]
[Black "Guliyev, Namig"]
[Result "1-0"]
[WhiteTitle "GM"]
[BlackTitle "GM"]
[WhiteElo "2573"]
[BlackElo "2548"]
[WhiteFideId "24104272"]
[BlackFideId "13400363"]
[EventDate "2019.12.29"]

1. Nf3 d5 2. g3 Bg4 3. Bg2 Nd7 4. c4 e6 5. cxd5 exd5 6. O-O Ngf6 7. Nc3 c6 8. d4
Bd6 9. Nh4 O-O 10. f3 Bh5 11. Nf5 Bc7 12. g4 Bg6 13. e4 Bb6 14. Kh1 c5 15. e5
cxd4 16. exf6 dxc3 17. Ne7+ Kh8 18. fxg7+ Kxg7 19. Nxd5 c2 20. Qd2 f6 21. f4 Rc8
22. b4 Re8 23. Bb2 Be4 24. g5 Bxg2+ 25. Qxg2 Kf7 26. gxf6 Rg8 27. Qh3 Nf8 28.
Qh5+ Rg6 29. Rae1 h6 30. Ne7 Qd7 31. f5 c1=Q 32. fxg6+ 1-0

[Event "Mondiale Lampo FIDE 2019"]
[Site "Mosca"]
[Date "30.12.2019"]
[Round "17.83"]
[White "Tsvetkov, Andrey"]
[Black "Shcherbakov, Ruslan"]
[Result "0-1"]
[WhiteTitle "FM"]
[BlackTitle "GM"]
[WhiteElo "2350"]
[BlackElo "2527"]
[WhiteFideId "34139360"]
[BlackFideId "4102240"]
[EventDate "2019.12.29"]

1. d4 Nf6 2. c4 e6 3. Nc3 Bb4 4. f3 d5 5. a3 Bxc3+ 6. bxc3 c5 7. cxd5 Nxd5 8.
dxc5 f5 9. Qc2 Qa5 10. e4 fxe4 11. fxe4 Nf6 12. Nf3 Nc6 13. Bd3 Qxc5 14. a4 Bd7
15. Ba3 Qe3+ 16. Qe2 Qxe2+ 17. Kxe2 O-O-O 18. Rhd1 h6 19. Rab1 Rhe8 20. Rdc1 Kc7
21. h3 b6 22. Nd4 Ne5 23. Nb5+ Bxb5 24. Bxb5 Rg8 25. Ke3 Nfd7 26. a5 Nc5 27.
axb6+ axb6 28. Rd1 Ra8 29. Bxc5 bxc5 30. Kf4 Nc6 31. e5 Rgf8+ 32. Ke4 Rad8 33.
Rxd8 Rxd8 34. Rf1 Rd7 35. Rf8 Re7 36. g4 Kb6 37. Bxc6 Kxc6 38. c4 Rd7 39. Re8
Rd4+ 40. Ke3 Rxc4 41. Rxe6+ Kd5 42. Re7 g5 43. Rh7 Rc3+ 44. Kd2 Rxh3 45. Rc7 Rg3
46. e6 Rxg4 47. e7 Re4 48. Kd3 Re6 49. Rd7+ Kc6 0-1

[Event "Mondiale Lampo FIDE 2019"]
[Site "Mosca"]
[Date "30.12.2019"]
[Round "17.84"]
[White "Ruck, Robert"]
[Black "Xu, Xiangyu"]
[Result "1-0"]
[WhiteTitle "GM"]
[BlackTitle "GM"]
[WhiteElo "2530"]
[BlackElo "2582"]
[WhiteFideId "705713"]
[BlackFideId "8608288"]
[EventDate "2019.12.29"]

1. Nf3 d5 2. g3 g6 3. Bg2 Bg7 4. c4 c6 5. cxd5 cxd5 6. d4 Nf6 7. Ne5 Nfd7 8. Nf3
Nf6 9. Nc3 Ne4 10. O-O Nc6 11. e3 Nxc3 12. bxc3 O-O 13. Ba3 Re8 14. Nd2 Na5 15.
Bb4 Nc6 16. Ba3 Na5 17. Rc1 Be6 18. Qa4 Rc8 19. Bb4 Nc6 20. Nb3 b6 21. Ba3 Qd7
22. Rfe1 Bh3 23. Bxh3 Qxh3 24. c4 Qe6 25. cxd5 Qxd5 26. e4 Qd7 27. d5 Ne5 28.
Qxd7 Nxd7 29. Rxc8 Rxc8 30. Bxe7 a5 31. Rc1 Bc3 32. Nd4 Re8 33. Rxc3 Rxe7 34. f3
Nc5 35. Nc6 Rc7 36. Kf2 Kf8 37. Ke3 Ke8 38. Kd4 Nd7 39. d6 Rc8 40. e5 Nc5 41.
Kd5 Na4 42. Ra3 Nc5 43. f4 Kd7 44. Na7 Ra8 45. Nb5 a4 1-0

[Event "Mondiale Lampo FIDE 2019"]
[Site "Mosca"]
[Date "30.12.2019"]
[Round "17.85"]
[White "Vokhidov, Shamsiddin"]
[Black "Novikov, Stanislav"]
[Result "1-0"]
[WhiteTitle "IM"]
[BlackTitle "GM"]
[WhiteElo "2526"]
[BlackElo "2531"]
[WhiteFideId "14204223"]
[BlackFideId "4125371"]
[EventDate "2019.12.29"]

1. e4 c5 2. Nf3 a6 3. c4 Nc6 4. d4 cxd4 5. Nxd4 Nf6 6. Nc3 e5 7. Nc2 Bc5 8. Be3
Bxe3 9. Nxe3 d6 10. Be2 O-O 11. O-O Be6 12. b3 Rc8 13. Rc1 Qa5 14. Qd2 Nd4 15.
Bd3 b5 16. f3 b4 17. Ne2 Qb6 18. Kh1 Nd7 19. Nxd4 Qxd4 20. Nc2 Qa7 21. Qxb4 a5
22. Qxd6 Nc5 23. Be2 f6 24. Qd2 Bf7 25. Rfd1 Ne6 26. Qe3 Qc7 27. Na3 Rfd8 28.
Nb5 Qe7 29. Qc3 a4 30. b4 h5 31. c5 h4 32. Nd6 h3 33. g3 Nd4 34. Nxc8 Rxc8 35.
Rxd4 exd4 36. Qxd4 Rd8 37. Qb2 a3 38. Qxa3 Rd2 39. Qe3 Rxa2 40. c6 Qc7 41. b5
Rb2 42. Bf1 Be6 43. Qd4 Rb3 44. Bc4 1-0

[Event "Mondiale Lampo FIDE 2019"]
[Site "Mosca"]
[Date "30.12.2019"]
[Round "17.86"]
[White "Tregubov, Pavel V."]
[Black "Potkin, Vladimir"]
[Result "1-0"]
[WhiteTitle "GM"]
[BlackTitle "GM"]
[WhiteElo "2588"]
[BlackElo "2583"]
[WhiteFideId "4115341"]
[BlackFideId "4131061"]
[EventDate "2019.12.29"]

1. e4 c5 2. Nf3 d6 3. c3 Nf6 4. Be2 g6 5. O-O Bg7 6. Bb5+ Nc6 7. d4 O-O 8. d5
Na5 9. Re1 a6 10. Bf1 b5 11. Bf4 Bg4 12. Nbd2 b4 13. cxb4 cxb4 14. Rb1 Qb6 15.
h3 Bd7 16. Be3 Qb7 17. Nd4 Rfc8 18. a3 Nh5 19. N4b3 Nxb3 20. Qxb3 a5 21. axb4
axb4 22. Ra1 Nf6 23. f3 Nh5 24. Nc4 Be8 25. Nb6 Rxa1 26. Rxa1 Rb8 27. Qxb4 Be5
28. Qd2 Ng3 29. Bd3 Qc7 30. Rc1 Qd8 31. Nc4 Bg7 32. b4 Bb5 33. Na5 Qe8 34. Nc6
Rb7 35. Bxb5 Rxb5 36. Nxe7+ Qxe7 37. Rc8+ Bf8 38. Bh6 1-0

[Event "Mondiale Lampo FIDE 2019"]
[Site "Mosca"]
[Date "30.12.2019"]
[Round "17.87"]
[White "Krsnik Cohar, Ivan Vihor"]
[Black "Gukesh, D"]
[Result "1/2-1/2"]
[WhiteTitle "FM"]
[BlackTitle "GM"]
[WhiteElo "2313"]
[BlackElo "2547"]
[WhiteFideId "14520044"]
[BlackFideId "46616543"]
[EventDate "2019.12.29"]

1. d4 Nf6 2. Bg5 Ne4 3. Bf4 c5 4. d5 g6 5. f3 Nf6 6. e4 d6 7. Nd2 Bg7 8. c3 O-O
9. Bd3 e5 10. Bg5 h6 11. Bh4 g5 12. Bg3 Nh5 13. Ne2 Nf4 14. Bxf4 exf4 15. h4 Nd7
16. Nc4 Qe7 17. hxg5 hxg5 18. a4 Ne5 19. Nxe5 Bxe5 20. Qd2 Bd7 21. g3 fxg3 22.
Rg1 Kg7 23. Nxg3 Rh8 24. Ne2 Kf8 25. Qxg5 Qxg5 26. Rxg5 Rh3 27. Kf2 Ke7 28. Bb5
Rh2+ 29. Rg2 Rah8 30. Bxd7 Rxg2+ 31. Kxg2 Rh2+ 32. Kf1 Kxd7 33. Re1 Rh3 34. Kg2
Rh2+ 35. Kg1 Rh3 36. f4 Bf6 37. Nc1 Rg3+ 38. Kf2 Bh4 39. Rh1 Rh3+ 40. Kg2 Rg3+
41. Kh2 Rf3 42. Rg1 Rxf4 43. e5 dxe5 44. Nd3 Rf5 45. Nxc5+ Kd6 46. Nxb7+ Kxd5
47. Rg4 Be7 48. b4 Rf3 49. c4+ Kc6 50. Na5+ Kb6 51. c5+ Bxc5 52. Nc4+ Kc7 53.
bxc5 f6 54. Kg2 Rc3 55. Kf2 Kc6 56. Nd2 Rxc5 57. Rg6 Ra5 58. Rxf6+ Kd5 59. Nb1
Kc4 60. Rc6+ Kb4 61. Nc3 Rc5 62. Rxc5 Kxc5 63. Ke3 Kb4 64. Kd3 e4+ 65. Kc2 e3
66. Kd3 e2 67. Nxe2 Kxa4 68. Nc3+ 1/2-1/2

[Event "Mondiale Lampo FIDE 2019"]
[Site "Mosca"]
[Date "30.12.2019"]
[Round "17.88"]
[White "Moiseenko, Vadim"]
[Black "Faizrakhmanov, Ramil"]
[Result "1-0"]
[WhiteTitle "GM"]
[BlackTitle "IM"]
[WhiteElo "2526"]
[BlackElo "2434"]
[WhiteFideId "4123700"]
[BlackFideId "24103209"]
[EventDate "2019.12.29"]

1. e4 c6 2. d4 d5 3. e5 Bf5 4. Nc3 e6 5. g4 Bg6 6. Nge2 c5 7. h4 h5 8. Nf4 Bh7
9. g5 Bf5 10. Nxh5 Nc6 11. dxc5 Bxc2 12. Nxg7+ Bxg7 13. Qxc2 Bxe5 14. f4 Bg7 15.
h5 Nge7 16. h6 Bxc3+ 17. Qxc3 d4 18. Qd3 Qd5 19. Rg1 O-O-O 20. Bd2 Nf5 21. Bg2
Qxc5 22. b4 Nxb4 23. Qb3 Nc2+ 24. Kd1 Nfe3+ 25. Ke2 d3+ 26. Kf2 Nxg2+ 27. Kxg2
Nxa1 28. Rxa1 Kb8 29. Rc1 Qd4 30. Qc4 Qb2 31. Qc3 Qxa2 32. Kg3 a6 33. Be3 d2 34.
Qc7+ Ka8 35. Qb6 Rd4 36. Qxd4 1-0

[Event "Mondiale Lampo FIDE 2019"]
[Site "Mosca"]
[Date "30.12.2019"]
[Round "17.89"]
[White "Triapishko, Alexandr"]
[Black "Yagupov, Igor"]
[Result "1/2-1/2"]
[WhiteTitle "IM"]
[BlackTitle "GM"]
[WhiteElo "2502"]
[BlackElo "2357"]
[WhiteFideId "14122286"]
[BlackFideId "4113632"]
[EventDate "2019.12.29"]

1. d4 d5 2. Nc3 Nf6 3. Bf4 e6 4. Nb5 Bb4+ 5. c3 Ba5 6. e3 Bd7 7. Nf3 Bxb5 8.
Bxb5+ c6 9. Bd3 Bc7 10. O-O Nbd7 11. Re1 O-O 12. Bg5 h6 13. Bh4 e5 14. dxe5 Nxe5
15. Nxe5 Bxe5 16. Qf3 Qd6 17. Qh3 Qe6 18. Bf5 Qe7 19. Rad1 Rfe8 20. Bc2 Qe6 21.
Qxe6 fxe6 22. e4 Kf7 23. f3 Bc7 24. Bf2 Bb6 25. h4 g5 26. hxg5 hxg5 27. a3 Rg8
28. exd5 exd5 29. Bf5 Rae8 30. g4 Rh8 31. Bxb6 axb6 32. Kg2 b5 33. Kg3 Rhg8 34.
Kf2 Rh8 35. Kg3 Rhg8 36. Kf2 Rh8 37. Kg3 1/2-1/2

[Event "Mondiale Lampo FIDE 2019"]
[Site "Mosca"]
[Date "30.12.2019"]
[Round "17.90"]
[White "Lobanov, Sergei"]
[Black "Tsoi, Dmitry"]
[Result "1/2-1/2"]
[WhiteTitle "IM"]
[BlackTitle "FM"]
[WhiteElo "2504"]
[BlackElo "2321"]
[WhiteFideId "24183750"]
[BlackFideId "24194697"]
[EventDate "2019.12.29"]

1. e4 d6 2. d4 Nf6 3. Nc3 e5 4. f4 exd4 5. Qxd4 Be7 6. Nf3 O-O 7. Be3 a6 8.
O-O-O b5 9. h3 Bb7 10. e5 dxe5 11. Qxd8 Rxd8 12. Rxd8+ Bxd8 13. Nxe5 Nbd7 14.
Nxd7 Nxd7 15. Rg1 Bf6 16. g4 Re8 17. Kd2 Bxc3+ 18. bxc3 Nf6 19. Bd3 Ne4+ 20.
Bxe4 Bxe4 21. Bd4 Bf3 22. Re1 Rxe1 23. Kxe1 Bd5 1/2-1/2

[Event "Mondiale Lampo FIDE 2019"]
[Site "Mosca"]
[Date "30.12.2019"]
[Round "17.91"]
[White "Gundavaa, Bayarsaikhan"]
[Black "Mesropov, Konstantin"]
[Result "1-0"]
[WhiteTitle "GM"]
[BlackTitle "IM"]
[WhiteElo "2489"]
[BlackElo "2422"]
[WhiteFideId "4901045"]
[BlackFideId "4116887"]
[EventDate "2019.12.29"]

1. e4 e6 2. d4 d5 3. Nc3 h6 4. Bd3 Nc6 5. Nf3 Nb4 6. Be2 Nf6 7. e5 Ne4 8. a3
Nxc3 9. bxc3 Nc6 10. O-O Na5 11. Nd2 c5 12. Bd3 Bd7 13. a4 Nc6 14. Qg4 cxd4 15.
cxd4 Nb4 16. Bb5 Nxc2 17. Rb1 Nb4 18. Rxb4 Bxb4 19. Qxg7 Rf8 20. Nf3 Bxb5 21.
axb5 Qd7 22. b6 axb6 23. Bxh6 O-O-O 24. Bg5 Be7 25. Bf6 Kb8 26. h4 Rg8 27. Qxf7
Bxf6 28. Qxd7 Rxd7 29. exf6 Rh7 30. Ne5 Kc7 31. f7 Rf8 32. g3 Rfxf7 33. Rc1+ Kd6
34. Nxf7+ Rxf7 35. h5 e5 36. dxe5+ Kxe5 37. Kg2 d4 38. h6 d3 39. Rh1 d2 40. Rd1
Rd7 41. Kf3 Kf5 42. Ke3 Kg6 43. Rxd2 Re7+ 44. Kf3 Kxh6 45. Rd6+ Kg5 46. Rxb6
Rf7+ 47. Kg2 Rc7 48. Rb5+ Kf6 49. g4 Ke6 50. Kg3 Kd6 51. g5 Rc3+ 52. Kg4 Kc6 53.
Rb1 b5 54. g6 Kb6 55. f4 1-0

[Event "Mondiale Lampo FIDE 2019"]
[Site "Mosca"]
[Date "30.12.2019"]
[Round "17.92"]
[White "Deviatkin, Andrei"]
[Black "Blohberger, Felix"]
[Result "1-0"]
[WhiteTitle "GM"]
[BlackTitle "IM"]
[WhiteElo "2436"]
[BlackElo "2434"]
[WhiteFideId "4121260"]
[BlackFideId "1632051"]
[EventDate "2019.12.29"]

1. d4 Nf6 2. Nf3 e6 3. Bg5 h6 4. Bh4 d5 5. e3 c5 6. c3 Bd6 7. Nbd2 Nbd7 8. Bd3
b6 9. e4 dxe4 10. Nxe4 Be7 11. Nxf6+ Bxf6 12. Be4 Rb8 13. Bg3 Bb7 14. Bxb8 Bxe4
15. Bd6 cxd4 16. cxd4 Nb8 17. Ba3 Nc6 18. O-O Be7 19. Re1 Bd5 20. Bxe7 Qxe7 21.
Ne5 Qg5 22. f3 O-O 23. Nxc6 Bxc6 24. Qc1 Qd5 25. Qc3 Qd6 26. Rac1 Bd5 27. a3 Qf4
28. b4 h5 29. Qe3 Qf6 30. Rc7 h4 31. h3 a5 32. b5 Qd8 33. Rec1 Qd6 34. Rc8 Rxc8
35. Rxc8+ Kh7 36. Qg5 Qg3 37. Qh5# 1-0

[Event "Mondiale Lampo FIDE 2019"]
[Site "Mosca"]
[Date "30.12.2019"]
[Round "17.93"]
[White "Atabayev, Saparmyrat"]
[Black "Guimaraes, Diogo Duarte"]
[Result "1-0"]
[WhiteTitle "IM"]
[BlackTitle "FM"]
[WhiteElo "2425"]
[BlackElo "2322"]
[WhiteFideId "14000571"]
[BlackFideId "2112450"]
[EventDate "2019.12.29"]

1. d4 Nf6 2. c4 c6 3. Nc3 d5 4. Nf3 a6 5. e3 Bf5 6. Qb3 b5 7. cxd5 cxd5 8. a4 b4
9. Qxb4 Nc6 10. Qb3 Rb8 11. Qd1 Nb4 12. Nh4 Nc2+ 13. Kd2 Ne4+ 14. Kxc2 Nxc3+ 15.
Nxf5 Nxd1 16. Kxd1 Qb6 17. Bd3 e6 18. Ng3 Bb4 19. Ke2 O-O 20. Rd1 f5 21. Nh5 a5
22. Nf4 g5 23. Nh3 h6 24. f4 g4 25. Nf2 Kf7 26. Bb5 Rfc8 27. Bd3 g3 28. hxg3 Rg8
29. g4 fxg4 30. g3 h5 31. Rh1 Rh8 32. f5 exf5 33. Bxf5 Rbe8 34. Nd3 Qxd4 35. Rf1
Kg8 36. Nxb4 Qxb4 37. Bd2 Qxb2 38. Rab1 Qe5 39. Bg6 Rb8 40. Bf7+ Kg7 41. Rbc1
Rb3 42. Rc6 Rf8 43. Rg6+ Kh7 44. Rgf6 Rbb8 45. R6f5 Qxf5 46. Rxf5 Rb6 47. Rxh5+
Kg7 48. Bxd5 Rb2 49. Kd3 Rf2 50. Bc3+ Kg6 51. Bxb2 Kxh5 52. Be5 Rf1 53. Bc7 Kg6
54. Bxa5 Rg1 55. Bc7 Kf6 56. Ke4 Ra1 57. Be5+ Ke7 58. Bxa1 1-0

[Event "Mondiale Lampo FIDE 2019"]
[Site "Mosca"]
[Date "30.12.2019"]
[Round "17.94"]
[White "Luukkonen, Tommi"]
[Black "Makoveev, Ilya"]
[Result "0-1"]
[WhiteTitle "FM"]
[BlackTitle "FM"]
[WhiteElo "2290"]
[BlackElo "2277"]
[WhiteFideId "501808"]
[BlackFideId "34155748"]
[EventDate "2019.12.29"]

1. d4 Nf6 2. c4 e6 3. Nc3 Bb4 4. e3 O-O 5. Bd3 d5 6. Nf3 c5 7. O-O Nc6 8. a3
Bxc3 9. bxc3 dxc4 10. Bxc4 b6 11. Qe2 Bb7 12. Rd1 Qe7 13. e4 Rfd8 14. a4 cxd4
15. cxd4 Na5 16. Ba3 Qc7 17. Bd3 Nb3 18. Rab1 Nxd4 19. Nxd4 Rxd4 20. e5 Ne4 21.
f3 Nc3 22. Qc2 Rxa4 23. Bd6 Qc6 24. Qb3 Nxb1 25. Bb5 Qc3 26. Qxa4 Qe3+ 27. Kh1
Nc3 28. Qd4 Qxd4 0-1